Statistics for 5 Most Populated Cities in Each US State

Click here to take the quiz!

General Stats

  • This quiz has been taken 121 times
  • The average score is 123 of 250

Answer Stats

Hint Answer % Correct
Colorado600,158Denver
96%
Florida430,332Miami
96%
Pennsylvania1,526,006Philadelphia
94%
Illinois2,704,958Chicago
94%
Louisiana378,715New Orleans
94%
Nevada613,599Las Vegas
94%
California3,976,322Los Angeles
94%
Massachusetts645,966Boston
93%
Michigan706,585Detroit
93%
Texas1,257,676Dallas
93%
Mississippi173,514Jackson
93%
New York8,550,405New York City
93%
California1,406,630San Diego
92%
Arizona1,445,632Phoenix
92%
Texas2,195,914Houston
92%
Washington704,352Seattle
91%
Kansas149,636Kansas City
91%
Georgia197,485Columbus
90%
Florida853,382Jacksonville
90%
Tennessee626,681Nashville
90%
Florida358,699Tampa
90%
Georgia472,522Atlanta
90%
Hawaii337,256Honolulu
90%
Texas885,400Austin
89%
Indiana855,164Indianapolis
89%
Utah186,440Salt Lake City
89%
Maine66,194Portland
89%
Pennsylvania305,704Pittsburgh
89%
Alaska31,275Juneau
89%
California870,887San Francisco
89%
Ohio389,521Cleveland
89%
Oklahoma579,999Oklahoma City
89%
Alaska291,826Anchorage
88%
Tennessee646,889Memphis
87%
Ohio298,165Cincinnati
87%
Texas1,409,019San Antonio
87%
Maryland620,961Baltimore
85%
Minnesota382,578Minneapolis
84%
Idaho218,281Boise
84%
California1,025,350San Jose
84%
Arkansas193,524Little Rock
84%
Alabama212,461Birmingham
83%
Missouri319,294St. Louis
83%
Florida262,372Orlando
83%
Louisiana229,426Baton Rouge
82%
Minnesota285,068Saint Paul
81%
Nebraska446,970Omaha
81%
Nebraska280,364Lincoln
81%
Wisconsin594,833Milwaukee
80%
New Mexico545,852Albuquerque
80%
Iowa203,433Des Moines
80%
South Carolina120,083Charleston
80%
Arizona520,116Tucson
79%
New York261,025Buffalo
79%
North Carolina731,424Charlotte
79%
Kentucky612,780Louisville
78%
North Carolina229,618Winston-Salem
78%
Delaware37,786Dover
76%
Rhode Island178,042Providence
76%
Oregon154,637Salem
76%
Wyoming59,466Cheyenne
76%
Alabama200,602Montgomery
76%
Virginia214,114Richmond
76%
Massachusetts153,703Springfield
75%
Connecticut124,775Hartford
75%
Colorado416,427Colorado Springs
75%
North Carolina403,892Raleigh
75%
Texas792,727Fort Worth
75%
Delaware33,398Newark
74%
New Mexico67,947Santa Fe
73%
Georgia197,081Augusta
72%
Nevada236,995Reno
72%
Virginia448,479Virginia Beach
70%
Oklahoma391,906Tulsa
69%
Alaska31,535Fairbanks
69%
Alabama194,288Mobile
69%
Wisconsin233,209Madison
69%
Maryland99,615Columbia
67%
Minnesota106,769Rochester
67%
California522,053Fresno
65%
Kansas127,215Topeka
64%
North Dakota61,272Bismarck
64%
Ohio281,031Toledo
63%
South Dakota153,888Sioux Falls
63%
Kentucky310,797Lexington
62%
Kansas388,143Wichita
62%
Montana104,170Billings
62%
North Dakota105,549Fargo
61%
Tennessee178,874Knoxville
61%
New Jersey247,597Jersey City
61%
Georgia146,763Savannah
60%
Michigan189,815Grand Rapids
58%
New York145,151Syracuse
58%
New Hampshire42,695Concord
57%
Colorado325,078Aurora
56%
Wisconsin104,057Green Bay
56%
Arizona439,041Mesa
56%
Ohio197,859Akron
56%
Delaware71,442Wilmington
55%
Connecticut129,779New Haven
55%
Oregon156,185Eugene
54%
Tennessee167,674Chattanooga
54%
Virginia246,139Norfolk
53%
Washington215,973Spokane
53%
Vermont7,855Montpelier
53%
Vermont42,417Burlington
53%
Utah112,488Provo
52%
New Hampshire109,565Manchester
52%
Louisiana200,327Shreveport
51%
Nevada277,440Henderson
51%
Minnesota86,265Duluth
49%
North Carolina269,666Greensboro
48%
Pennsylvania101,786Erie
48%
Florida253,693St. Petersburg
48%
Connecticut144,229Bridgeport
48%
Michigan114,925Ann Arbor
47%
New York197,399Yonkers
47%
Indiana264,488Fort Wayne
46%
Nevada230,788North Las Vegas
46%
Wyoming55,316Casper
46%
Maine33,039Bangor
45%
Pennsylvania118,032Allentown
45%
Hawaii43,263Hilo
45%
North Carolina228,330Durham
45%
Washington211,277Tacoma
44%
Arkansas73,580Fayetteville
44%
South Dakota67,956Rapid City
43%
Massachusetts182,544Worcester
42%
Iowa82,684Sioux City
40%
Idaho59,184Idaho Falls
40%
Louisiana124,276Lafayette
39%
Colorado143,986Fort Collins
39%
Virginia230,571Chesapeake
38%
Arizona226,721Glendale
38%
Alabama190,582Huntsville
38%
Montana66,788Missoula
38%
Georgia152,555Macon
38%
Massachusetts107,289Cambridge
37%
Alabama98,332Tuscaloosa
37%
Iowa126,326Cedar Rapids
36%
Virginia224,906Arlington
36%
Washington174,826Vancouver
36%
New Mexico97,618Las Cruces
35%
Connecticut122,643Stamford
35%
Oklahoma110,925Norman
33%
Arizona236,123Chandler
33%
Indiana119,477Evansville
33%
Illinois147,651Rockford
33%
Mississippi67,793Gulfport
31%
Arkansas86,209Fort Smith
30%
Mississippi44,054Biloxi
30%
New Jersey124,969Elizabeth
30%
New Jersey146,199Paterson
30%
Illinois147,122Naperville
29%
Kansas184,525Overland Park
29%
Indiana101,735South Bend
28%
Oklahoma98,850Broken Arrow
28%
New Hampshire86,494Nashua
28%
Iowa99,685Davenport
28%
Minnesota82,893Bloomington
27%
Idaho89,839Nampa
27%
North Dakota52,838Grand Forks
27%
Montana37,280Bozeman
27%
Illinois148,262Joliet
26%
Utah129,480West Valley City
26%
Nebraska53,663Bellevue
26%
Missouri116,830Independence
26%
Montana33,525Butte
25%
Montana58,505Great Falls
25%
West Virginia49,138Huntington
25%
Wyoming30,816Laramie
25%
Pennsylvania88,082Reading
25%
New Mexico48,366Roswell
24%
West Virginia29,660Morgantown
24%
Michigan134,243Warren
22%
West Virginia28,486Wheeling
22%
Tennessee132,929Clarksville
21%
South Carolina97,471North Charleston
20%
Idaho54,441Pocatello
20%
Rhode Island82,672Warwick
20%
Wisconsin78,860Racine
20%
Maine36,592Lewiston
20%
Massachusetts108,861Lowell
20%
Kentucky62,479Bowling Green
20%
Nevada230,000Paradise
19%
Mississippi45,989Hattiesburg
19%
Wisconsin99,218Kenosha
19%
Utah103,712West Jordan
19%
Idaho90,739Meridian
19%
Hawaii47,698Pearl City
19%
Arkansas71,551Jonesboro
19%
Maine25,055Auburn
19%
Michigan129,880Sterling Heights
18%
New Mexico87,521Rio Rancho
17%
Vermont17,904South Burlington
17%
Utah88,328Orem
17%
Kansas133,062Olathe
17%
Hawaii49,914East Honolulu
17%
Rhode Island80,387Cranston
16%
Kentucky58,374Owensboro
16%
Louisiana74,024Lake Charles
16%
Nebraska50,550Grand Island
16%
Colorado142,980Lakewood
16%
Wyoming29,087Gillette
16%
North Dakota40,888Minot
16%
Oregon91,611Hillsboro
15%
Maine24,002South Portland
15%
Rhode Island47,037East Providence
15%
Connecticut110,366Waterbury
15%
Oklahoma96,867Lawton
13%
South Dakota26,091Aberdeen
13%
Vermont16,495Rutland
13%
Maryland71,452Silver Spring
13%
Indiana91,065Carmel
11%
West Virginia31,492Parkersburg
11%
Rhode Island71,148Pawtucket
10%
Kentucky40,944Covington
10%
New Jersey99,967Edison
9%
South Dakota21,482Watertown
9%
Arkansas69,797Springdale
9%
South Carolina67,843Mount Pleasant
9%
Oregon105,594Gresham
9%
Nebraska32,174Kearney
8%
Hawaii38,635Kailua
8%
Vermont9,052Barre
6%
Iowa68,406Waterloo
6%
Delaware20,876Middletown
6%
Maryland86,395Germantown
6%
South Dakota22,056Brookings
6%
North Dakota25,830West Fargo
6%
South Carolina66,154Rock Hill
6%
Wyoming23,036Rock Springs
6%
Maryland67,752Waldorf
4%
Delaware11,371Smyrna
4%
Mississippi48,982Southhaven
3%
Alaska19,482Badger
2%
New Hampshire33,109Derry
1%
Alaska14,923Knik-Fairview
1%

Score Distribution

Percentile by Number Answered

Percent of People with Each Score

Your Score History

You have not taken this quiz